Estatísticas para Cultura Geral

Clique aqui para jogar o quiz

Estatísticas Gerais

  • Esse quiz foi jogado 21 vezes
  • A pontuação média é 6 de 15

Estatísticas das Respostas

HintResposta% Correto
Em que país podemos encontrar a sede da empresa Hyundai?Coreia do Sul
80%
Em que país fica a maior parte da Patagónia?Argentina
73%
Qual é o sistema de leitura mais popular para cegos?Braille
73%
Em que estado dos EUA você encontraria a Disney World?Flórida
73%
Qual país produz o maior número de filmes?Índia
73%
Quem inventou a lâmpada incandescente?Thomas Edison
47%
Em qual país você encontraria um TGV?França
40%
Que nome é dado às modelos da Victoria's Secret?Anjos
27%
Em que país foi filmado o filme "The Sound of Music""?Áustria
20%
Qual grande cidade mexicana fica perto de San Diego?Tijuana
20%
Que palavra, começando com A, se refere a algo que você ingere para se sentir excitado?Afrodisíaco
13%
Quem canta a música "Stressed Out" ?Twenty One Pilots
13%
Que tipo de dinossauros foram os principais antagonistas em "Jurassic Park"?Velociraptor
13%
Qual é o cargo comum para uma pessoa que administra um museu?Curador
0%
Que filme da Disney apresentava um menino, um urso, um orangotango e um tigre malvado chamado Shere Khan?Livro da Selva
0%

Distribuição das Pontuações

Percentil de Números Respondidos

Porcentagem de Pessoas com Cada Pontuação

Sua Pontuação Histórica

Você não jogou esse quiz